000 00934nam a2200265 i 4500
001 18211
003 ES-MaACL
005 20240315193702.0
007 t|
008 010813s1996 sp |||| | spa d
020 _a84-86789-54-0
080 _a39(460.188)
100 1 _aHerrero Gómez, Guillermo.
_963316
245 1 0 _aCostumbres populares segovianas de nacimiento, matrimonio y muerte
_b: (Encuesta del Ateneo 1901-1902) /
_cGuillermo Herrero Gómez, Carlos Merino Arroyo.
260 _aSegovia :
_bDiputación Provincial,
_c[1996]
300 _a189 p. ;
_c24 cm.
610 2 4 _aAteneo de Madrid-
_xEncuesta de 1901-1902
_91917
650 7 _2embne
_9227290
_aEncuestas
651 4 _aSegovia (Provincia)-
_xUsos y costumbres-
_vEncuestas.
_99376
700 1 _aMerino Arroyo, Carlos.
_980536
710 1 _aSegovia (Provincia).
_bDiputación.
_9175871
852 _aES-MaACL
_jL-24894
942 _2udc
999 _c18211
_d18211